Physics of electrons in solids / (Record no. 49721)

MARC details
000 -LEADER
fixed length control field 02706cam a2200421 a 4500
003 - CONTROL NUMBER IDENTIFIER
control field WSP
005 - DATE AND TIME OF LATEST TRANSACTION
control field 20260416153407.0
008 - FIXED-LENGTH DATA ELEMENTS--GENERAL INFORMATION
fixed length control field 210609s2021 nju ob 001 0 eng d
020 ## - INTERNATIONAL STANDARD BOOK NUMBER
International Standard Book Number 9781786349736
-- (ebook)
020 ## - INTERNATIONAL STANDARD BOOK NUMBER
International Standard Book Number 1786349736
-- (ebook)
020 ## - INTERNATIONAL STANDARD BOOK NUMBER
Cancelled/invalid ISBN 9781786349729
-- (hbk.)
020 ## - INTERNATIONAL STANDARD BOOK NUMBER
Cancelled/invalid ISBN 1786349728
-- (hbk.)
072 #7 - SUBJECT CATEGORY CODE
Subject category code SCI
Subject category code subdivision 077000
Source bisacsh
072 #7 - SUBJECT CATEGORY CODE
Subject category code SCI
Subject category code subdivision 016000
Source bisacsh
072 #7 - SUBJECT CATEGORY CODE
Subject category code TEC
Subject category code subdivision 021020
Source bisacsh
082 04 - DEWEY DECIMAL CLASSIFICATION NUMBER
Classification number 530.4/16
Edition number 23
049 ## - LOCAL HOLDINGS (OCLC)
Holding library MAIN
100 1# - MAIN ENTRY--PERSONAL NAME
Personal name Tolédano, Jean-Claude.
245 10 - TITLE STATEMENT
Title Physics of electrons in solids /
Statement of responsibility, etc Jean-Claude Tolédano.
300 ## - PHYSICAL DESCRIPTION
Extent 1 online resource (388 p.).
505 0# - FORMATTED CONTENTS NOTE
Contents Solids as quantum systems -- The crystalline order -- The reciprocal space as a space of quantum numbers -- The reciprocal space as a space of diffraction patterns -- Quantum states of an electron in a crystal -- Equilibrium electronic properties of solids -- The dynamics of electrons in a crystal -- Electronic transport properties of solids -- Intrinsic and doped semiconductors -- Solids as systems of particles in interaction -- Ferromagnetism and superconductivity.
520 ## - SUMMARY, ETC.
Summary, etc "Primarily aiming to give undergraduate students an introduction to solid state physics, Physics of Electrons in Solids explains the properties of solids through the study of non-interacting electrons in solids. While each chapter contains a qualitative introduction to the main ideas behind solid state physics, it also provides detailed calculations of utmost importance to graduate students. The introductory chapters contain crystallographic and quantum prerequisites. The central chapters are devoted to the quantum states of an independent electron in a crystal and to the equilibrium properties of conductors, insulators, and semiconductors. The final chapters contain insights into the assumptions made throughout, briefly describing the origin of ferromagnetism and superconductivity. The book ends with exercises and solutions based on a physics course taught by the author at École Polytechnique"--
650 #0 - SUBJECT ADDED ENTRY--TOPICAL TERM
Topical term or geographic name as entry element Solid state physics.
856 40 - ELECTRONIC LOCATION AND ACCESS
Uniform Resource Identifier <a href="https://www.worldscientific.com/worldscibooks/10.1142/q0286#t=toc">https://www.worldscientific.com/worldscibooks/10.1142/q0286#t=toc</a>
942 ## - ADDED ENTRY ELEMENTS (KOHA)
Koha item type Electronic Books
264 #1 -
-- New Jersey :
-- World Scientific,
-- ©2021.
490 1# - SERIES STATEMENT
Series statement Advanced textbooks in physics,
International Standard Serial Number 2059-7711
504 ## - BIBLIOGRAPHY, ETC. NOTE
Bibliography, etc Includes bibliographical references and index.
520 ## - SUMMARY, ETC.
-- Publisher's website.
538 ## - SYSTEM DETAILS NOTE
System details note Mode of access: World Wide Web.
538 ## - SYSTEM DETAILS NOTE
System details note System requirements: Adobe Acrobat reader.
655 #0 - INDEX TERM--GENRE/FORM
Genre/form data or focus term Electronic books.
830 #0 - SERIES ADDED ENTRY--UNIFORM TITLE
Uniform title Advanced textbooks in physics,
-- 2059-7711
Holdings
Withdrawn status Lost status Source of classification or shelving scheme Damaged status Not for loan Home library Location Date of Cataloging Total Checkouts Full call number Barcode Date last seen Uniform Resource Identifier Price effective from Koha item type
    Dewey Decimal Classification     CUTN Central Library CUTN Central Library 16/04/2026   530.4/16 EB04987 16/04/2026 https://doi.org/10.1142/q0286 16/04/2026 Electronic Books